01192nam a2200193Ia 4500001001100000003001000011008004100021040002500062041001300087100003000100245008600130250001100216260008100227300001200308500026400320501011400584520026400698650003600962L200-53468IT-CnALBA170116s9999||||xx |||||||||||||| ||und|| aIT-CnALBAcIT-CnALBA aITALIANO aDHAVAMONY MARIASUSAI, SJ. 0aMADRE TERESA. ALLE SORGENTI DELLA SUA SPIRITUALITÀ. UNA PROSPETTIVA TEOLOGICA.  a1a ed. a PADOVAbMESSAGGERO EDIZIONI c1999 [1° Ed.:1999 - Ed.Ling.Originale: 1999] a121 p.  aSTUDI RELIGIOSI. LETTERA DI MADRE TERESA ALL'AUTORE. SPIRITUALITÀ DI MADRE TERESA. TERZO MILLENNIO. L'AMORE DI DIO RIVELATO DAL FIGLIO PER MEZZO DELLA CROCE. LA MISSIONE DI MADRE TERESA. AMORE PER I POVERI. CARITÀ ESSENZA DELLA VITA CRISTIANA. FORMA DELL' aSocietà San Paolo EM - Piazza San Paolo, 14 - 12051 ALBA (CN) (non commercial uses only) ® Copyright 2017 aSTUDI RELIGIOSI. LETTERA DI MADRE TERESA ALL'AUTORE. SPIRITUALITÀ DI MADRE TERESA. TERZO MILLENNIO. L'AMORE DI DIO RIVELATO DAL FIGLIO PER MEZZO DELLA CROCE. LA MISSIONE DI MADRE TERESA. AMORE PER I POVERI. CARITÀ ESSENZA DELLA VITA CRISTIANA. FORMA DELL' aRELIGIONE - RELIGIONE CRISTIANA